Physiology / (Record no. 6093)

MARC details
000 -LEADER
fixed length control field 00264pam a2200133 a 4500
020 ## - INTERNATIONAL STANDARD BOOK NUMBER
Terms of availability
041 ## - LANGUAGE CODE
Language code of original
082 ## - DEWEY DECIMAL CLASSIFICATION NUMBER
Classification number 612.076
Item number HSU
100 ## - MAIN ENTRY--PERSONAL NAME
Personal name Hsu, B. .
245 ## - TITLE STATEMENT
Title Physiology /
Statement of responsibility, etc.
Medium Textual Documents
300 ## - PHYSICAL DESCRIPTION
Extent 249:
Dimensions
930 ## - EQUIVALENCE OR CROSS-REFERENCE-UNIFORM TITLE HEADING [LOCAL, CANADA]
Uniform title 6094
Holdings
Withdrawn status Lost status Damaged status Not for loan Home library Current library Date acquired Source of acquisition Cost, normal purchase price Total Checkouts Full call number Barcode Date last seen Copy number Price effective from Koha item type
        Medical College, Pune Medical College, Pune 05/07/1989 Medical Book Caporalion 310.80   612.076 HSU MCP-0025 06/02/2023 1 06/02/2023 Book